[Event "II Weekend Wasken Boys"]
[Site "Lodi ITA"]
[Date "2014.06.07"]
[Round "3"]
[White "Marzatico, Luca"]
[Black "Esposito, Giuseppe"]
[WhiteElo "1710"]
[BlackElo "1718"]
[Result "1-0"]
[PlyCount "55"]
[EventDate "2014.06.06"]

1. e4 c6 2. d4 d5 3. Nc3 dxe4 4. Nxe4 Bf5 5. Ng3 Bg6 6. Nf3 Nd7 7. Bd3 Bxd3 8.
Qxd3 e6 9. O-O Ngf6 10. Bg5 Be7 11. Rad1 O-O 12. Ne5 Rc8 13. Rfe1 h6 14. Bxf6
Nxf6 15. Ne4 Qc7 16. Nxf6+ Bxf6 17. Qe4 Rfd8 18. Ng4 Be7 19. Rd3 Rd6 20. Rg3
Kh8 21. Qe5 Rd5 22. Qe4 Bd6 23. Rge3 f5 24. Qxe6 fxg4 25. Qg6 Bxh2+ 26. Kh1
Rdd8 27. Re7 g3 28. Qxg7# 1-0

[Event "II Weekend Wasken Boys"]
[Site "Lodi ITA"]
[Date "2014.06.07"]
[Round "3"]
[White "Papaleo, Davide"]
[Black "Marchesotti, Giovanni"]
[WhiteElo "1410"]
[BlackElo "1532"]
[Result "1-0"]
[PlyCount "59"]
[EventDate "2014.06.06"]

1. d4 Nf6 2. c4 e6 3. Nc3 Bb4 4. Qc2 c5 5. dxc5 Bxc5 6. Nf3 b6 7. Bg5 Be7 8. e3
Bb7 9. Nb5 Bb4+ 10. Nd2 a6 11. Nc3 h6 12. Bh4 Be7 13. Rd1 Nh5 14. Bxe7 Qxe7 15.
Nde4 O-O 16. Be2 Nf6 17. Bf3 Nxe4 18. Bxe4 Nc6 19. a3 f5 20. Bf3 Na5 21. Bxb7
Nxb7 22. O-O Nd6 23. Na4 b5 24. cxb5 Nxb5 25. Nb6 Rab8 26. Nxd7 Rfc8 27. Qa4
Rb7 28. Qxa6 Rcc7 29. Qa8+ Kh7 30. Nf8+ 1-0

[Event "II Weekend Wasken Boys"]
[Site "Lodi ITA"]
[Date "2014.06.07"]
[Round "3"]
[White "Poletti, Guido"]
[Black "Finelli, Carmine"]
[WhiteElo "1540"]
[BlackElo "1440"]
[Result "0-1"]
[PlyCount "70"]
[EventDate "2014.06.06"]

1. c4 d6 2. d4 Bf5 3. Nc3 e6 4. Nf3 Nc6 5. d5 Ne5 6. e4 Bg4 7. Be2 Bxf3 8. gxf3
Be7 9. dxe6 fxe6 10. f4 Nd7 11. f5 exf5 12. exf5 Ne5 13. Rg1 Bf6 14. Nd5 Kf8
15. Nxf6 Qxf6 16. Qc2 Re8 17. Be3 b6 18. O-O-O Ne7 19. Bd4 Qh6+ 20. Kb1 Qxh2
21. Rh1 Qf4 22. Be3 Qxf5 23. Bd3 Nxd3 24. Rxd3 Nc6 25. Rh4 Kg8 26. a3 Ne5 27.
Rf4 Qxd3 28. Re4 Qxc2+ 29. Kxc2 h6 30. f4 Kh7 31. fxe5 Rxe5 32. Rxe5 dxe5 33.
c5 b5 34. c6 a6 35. Kd3 Kg6 0-1

[Event "II Weekend Wasken Boys"]
[Site "Lodi ITA"]
[Date "2014.06.07"]
[Round "3"]
[White "Raimondi, Sergio"]
[Black "Galli, Fabrizio"]
[WhiteElo "1383"]
[BlackElo "1452"]
[Result "1-0"]
[PlyCount "93"]
[EventDate "2014.06.06"]

1. f4 Nf6 2. e3 d6 3. b3 g6 4. Bb2 Bg7 5. Bd3 Nc6 6. Nf3 Bg4 7. a3 Qd7 8. h3
Bxf3 9. Qxf3 O-O-O 10. Nc3 a6 11. Na4 h5 12. O-O-O Rde8 13. Be2 Rhg8 14. g4 h4
15. Qf2 Ne4 16. Qxh4 Rh8 17. Qe1 Bxb2+ 18. Nxb2 e6 19. g5 Qe7 20. b4 d5 21. d3
Nd6 22. Na4 Nb5 23. d4 Nxa3 24. c3 Nc4 25. Bxc4 dxc4 26. Qf1 b5 27. Nc5 a5 28.
Qf3 Qd6 29. bxa5 Nb8 30. Qb7+ Kd8 31. Qxb8+ Ke7 32. Qxb5 Rb8 33. Qxc4 Qc6 34.
Rh2 Rb5 35. Qa4 Rhb8 36. Rb2 Qe8 37. c4 Rxb2 38. Qa3 Rb1+ 39. Kd2 R1b2+ 40. Ke1
R2b4 41. Na6 Qc6 42. Nxb4 Qh1+ 43. Kd2 Qg2+ 44. Kc1 Ke8 45. Qa4+ Kf8 46. a6 Qe4
47. Re1 1-0

[Event "II Weekend Wasken Boys"]
[Site "Lodi ITA"]
[Date "2014.06.07"]
[Round "3"]
[White "Rizzi, Pietro"]
[Black "Gorini, Michele"]
[WhiteElo "1579"]
[BlackElo "1527"]
[Result "1-0"]
[PlyCount "63"]
[EventDate "2014.06.06"]

1. e4 b6 2. d4 Bb7 3. Bd3 Nf6 4. Nd2 e6 5. Ngf3 c5 6. c3 cxd4 7. cxd4 Nc6 8.
O-O Bb4 9. Qe2 Bxd2 10. Bxd2 O-O 11. e5 a5 12. exf6 Qxf6 13. Qe4 g6 14. h4 Ra7
15. Qf4 Qxf4 16. Bxf4 Nb4 17. Rfd1 Rc8 18. Ne5 d6 19. Nf3 d5 20. a3 Nxd3 21.
Rxd3 Ba6 22. Rc3 Raa8 23. Rac1 Rc4 24. b3 Rxc3 25. Rxc3 a4 26. b4 Bc4 27. Ne5
b5 28. Nd7 Ra7 29. Nf6+ Kg7 30. Be5 h5 31. Nxd5+ Kf8 32. Nb6 1-0

[Event "II Weekend Wasken Boys"]
[Site "Lodi ITA"]
[Date "2014.06.07"]
[Round "3"]
[White "Trifoni, Giorgio"]
[Black "Madaschi, Sergio"]
[WhiteElo "1665"]
[BlackElo "1503"]
[Result "1-0"]
[PlyCount "117"]
[EventDate "2014.06.06"]

1. Nf3 Nf6 2. c4 g6 3. Nc3 Bg7 4. g3 c6 5. Bg2 O-O 6. d4 d5 7. c5 Nbd7 8. O-O
Re8 9. Re1 e5 10. dxe5 Nxe5 11. Nxe5 Rxe5 12. Bf4 Re8 13. e3 Bf5 14. Rc1 Ne4
15. Nxe4 Bxe4 16. b4 Bxg2 17. Kxg2 Qd7 18. a4 Re4 19. Rb1 a6 20. Qc2 Rae8 21.
Red1 Qe6 22. b5 Rc4 23. Qb3 axb5 24. axb5 Rxc5 25. bxc6 bxc6 26. Qb6 Rc4 27.
Rdc1 Rxc1 28. Rxc1 Rc8 29. Bc7 Re8 30. Rxc6 Qe4+ 31. f3 Qxe3 32. Qxe3 Rxe3 33.
Bb6 Rd3 34. Rc8+ Bf8 35. Bc5 Kg7 36. Bxf8+ Kf6 37. Rc6+ Kf5 38. g4+ Kf4 39.
Rf6+ Ke5 40. Rxf7 Kd4 41. Rxh7 Ke3 42. Bc5+ Ke2 43. Re7+ Kd1 44. h4 Kc2 45. Rd7
Kb3 46. Rd6 Kc4 47. Ba7 Rd2+ 48. Kg3 Rd1 49. Rxg6 d4 50. Bxd4 Rxd4 51. h5 Rd8
52. h6 Kd5 53. f4 Re8 54. f5 Ke5 55. Kh4 Rf8 56. Kg5 Rf7 57. Re6+ Kd5 58. Kg6
Rf8 59. h7 1-0

[Event "II Weekend Wasken Boys"]
[Site "Lodi ITA"]
[Date "2014.06.08"]
[Round "4"]
[White "Carrai, Giacomo"]
[Black "Papaleo, Davide"]
[WhiteElo "1760"]
[BlackElo "1410"]
[Result "1/2-1/2"]
[PlyCount "75"]
[EventDate "2014.06.06"]

1. d4 Nf6 2. c4 e6 3. Nc3 Bb4 4. Bg5 h6 5. Bh4 c5 6. d5 Bxc3+ 7. bxc3 d6 8. e3
e5 9. Bd3 g5 10. Bg3 Qa5 11. Ne2 Nbd7 12. f3 g4 13. f4 e4 14. Bc2 Nb6 15. Bb3
Bf5 16. Bh4 Nh5 17. O-O f6 18. Ng3 Nxg3 19. hxg3 Rf8 20. Qc2 O-O-O 21. a4 Kb8
22. Rfc1 Rde8 23. Qa2 Nc8 24. Rab1 Ne7 25. Bd1 Ng6 26. Rb5 Qc7 27. Rcb1 Bd7 28.
Rxb7+ Qxb7 29. Rxb7+ Kxb7 30. a5 Nxh4 31. gxh4 f5 32. g3 Rb8 33. Kf1 Kc7 34.
Ke2 a6 35. Kd2 Rb7 36. Bc2 Rfb8 37. Kc1 h5 38. Qa3 1/2-1/2

[Event "II Weekend Wasken Boys"]
[Site "Lodi ITA"]
[Date "2014.06.08"]
[Round "4"]
[White "Ciochetta, Giovanni"]
[Black "Swannie, Bryan"]
[WhiteElo "1573"]
[BlackElo "1704"]
[Result "0-1"]
[PlyCount "56"]
[EventDate "2014.06.06"]

1. e4 c5 2. c4 Nc6 3. Nc3 d6 4. d3 g6 5. Nge2 Bg7 6. g3 e5 7. Bg2 Nge7 8. O-O
O-O 9. Be3 a6 10. a3 Be6 11. Nd5 Rc8 12. Nec3 Bxd5 13. cxd5 Nd4 14. Ne2 Qb6 15.
Bxd4 cxd4 16. Rb1 f5 17. f3 fxe4 18. fxe4 Rxf1+ 19. Qxf1 Rf8 20. Qd1 Bh6 21.
Bh3 Be3+ 22. Kh1 Rf2 23. Be6+ Kg7 24. b4 Qd8 25. Rb2 Qf8 26. Bg4 Rf1+ 27. Ng1
Rxd1 28. Bxd1 Qf1 0-1

[Event "II Weekend Wasken Boys"]
[Site "Lodi ITA"]
[Date "2014.06.08"]
[Round "4"]
[White "Esposito, Giuseppe"]
[Black "Gorini, Alessandro"]
[WhiteElo "1718"]
[BlackElo "1629"]
[Result "1-0"]
[PlyCount "71"]
[EventDate "2014.06.06"]

1. e4 c5 2. Nf3 d6 3. d4 cxd4 4. Nxd4 a6 5. Nc3 Nf6 6. Bg5 Qa5 7. Qd2 e6 8.
Bxf6 gxf6 9. O-O-O h5 10. Kb1 Nc6 11. Nb3 Qc7 12. f4 b5 13. a3 Bb7 14. f5 Ne5
15. h4 Rc8 16. Rh3 Rd8 17. Nd4 Bc8 18. Qf2 Be7 19. Nce2 Ng4 20. Qe1 e5 21. Rc3
Qb6 22. Nc6 Rd7 23. Nb4 Bb7 24. Nd5 Bxd5 25. Rxd5 Rc7 26. Rb3 Ne3 27. Nc3 Rxc3
28. Rxc3 Nxd5 29. exd5 Kd7 30. Rc6 Qa7 31. a4 Ra8 32. c4 bxa4 33. Qa5 Bd8 34.
Qxa4 Ke7 35. c5 dxc5 36. Rxa6 1-0

[Event "II Weekend Wasken Boys"]
[Site "Lodi ITA"]
[Date "2014.06.08"]
[Round "4"]
[White "Finelli, Carmine"]
[Black "Trifoni, Giorgio"]
[WhiteElo "1440"]
[BlackElo "1665"]
[Result "0-1"]
[PlyCount "74"]
[EventDate "2014.06.06"]

1. e4 c5 2. Bc4 e6 3. Nf3 a6 4. d3 b5 5. Bb3 Qc7 6. Nbd2 Bb7 7. Qe2 Ne7 8. a4
g6 9. g3 Bg7 10. h4 d5 11. exd5 Nxd5 12. Bxd5 Bxd5 13. c3 Nd7 14. axb5 axb5 15.
Rxa8+ Bxa8 16. Rh2 Nf6 17. d4 Ng4 18. Rh3 c4 19. Ng5 h5 20. Ngf3 O-O 21. Ne4
Re8 22. Nh2 f5 23. Ng5 e5 24. Nxg4 fxg4 25. Rh2 Re7 26. Qc2 exd4+ 27. Kf1 d3
28. Qb1 Qe5 29. Be3 Qf6 30. Kg1 Bf3 31. Nxf3 Qxf3 32. Qf1 Kh7 33. Qg2 Qe2 34.
Qf1 Qxb2 35. Qc1 Qxc1+ 36. Bxc1 Re1+ 37. Kg2 Rxc1 0-1

[Event "II Weekend Wasken Boys"]
[Site "Lodi ITA"]
[Date "2014.06.08"]
[Round "4"]
[White "Folcini, Gaddo"]
[Black "Grudina, Marco"]
[WhiteElo "1615"]
[BlackElo "1756"]
[Result "1-0"]
[PlyCount "65"]
[EventDate "2014.06.06"]

1. e4 e5 2. d4 exd4 3. c3 d5 4. e5 dxc3 5. Nxc3 Bb4 6. a3 Bxc3+ 7. bxc3 c6 8.
Nf3 Bg4 9. Be2 Bxf3 10. Bxf3 Nd7 11. O-O Ne7 12. Re1 O-O 13. Rb1 b5 14. Bg5 Re8
15. e6 Nf8 16. exf7+ Kxf7 17. Bh5+ g6 18. Bg4 Qd6 19. Qf3+ Kg8 20. Bf4 Qf6 21.
Qg3 Nf5 22. Bxf5 Qxf5 23. Bh6 Rac8 24. h4 Re4 25. Rxe4 Qxe4 26. Rb4 Qe6 27. Rf4
Re8 28. Qf3 Qe1+ 29. Kh2 Qe5 30. g3 Ne6 31. Rf7 a5 32. Ra7 a4 33. Qf7+ 1-0

[Event "II Weekend Wasken Boys"]
[Site "Lodi ITA"]
[Date "2014.06.08"]
[Round "4"]
[White "Gorini, Michele"]
[Black "Poletti, Guido"]
[WhiteElo "1527"]
[BlackElo "1540"]
[Result "1-0"]
[PlyCount "38"]
[EventDate "2014.06.06"]

1. Nf3 Nf6 2. b3 c5 3. g3 Nc6 4. Bg2 e5 5. d3 e4 6. dxe4 Nxe4 7. O-O d5 8. Bb2
Be6 9. Nbd2 f5 10. Ne5 Nxe5 11. Bxe5 Nf6 12. h3 Be7 13. c4 Rb8 14. Bxb8 Qxb8
15. cxd5 Nxd5 16. Nc4 O-O 17. Bxd5 Bxd5 18. Qxd5+ Kh8 19. Ne5 f4 1-0

[Event "II Weekend Wasken Boys"]
[Site "Lodi ITA"]
[Date "2014.06.08"]
[Round "4"]
[White "Madaschi, Sergio"]
[Black "Maraschi, Alberto"]
[WhiteElo "1503"]
[BlackElo "1326"]
[Result "1-0"]
[PlyCount "66"]
[EventDate "2014.06.06"]

1. e4 c6 2. d4 d5 3. Nc3 dxe4 4. Nxe4 Bf5 5. Ng3 Bg6 6. h4 h6 7. Nf3 Nd7 8. Bd3
Bxd3 9. Qxd3 Ngf6 10. O-O e6 11. Bf4 Nd5 12. Bd2 Bd6 13. Ne4 N7f6 14. Nxd6+
Qxd6 15. g3 b6 16. a3 a5 17. c4 Ne7 18. Bf4 Qd7 19. Ne5 Qb7 20. Rfd1 Rd8 21.
Qe2 c5 22. dxc5 Rxd1+ 23. Rxd1 Nd7 24. Nxd7 Ng6 25. Be3 bxc5 26. Nxc5 Qc6 27.
Qd3 O-O 28. Qe4 Qc8 29. b4 axb4 30. axb4 Re8 31. b5 f5 32. Qc6 Qb8 33. Nd7 Ne7
1-0

[Event "II Weekend Wasken Boys"]
[Site "Lodi ITA"]
[Date "2014.06.08"]
[Round "4"]
[White "Marchesotti, Giovanni"]
[Black "Raimondi, Sergio"]
[WhiteElo "1532"]
[BlackElo "1383"]
[Result "1-0"]
[PlyCount "43"]
[EventDate "2014.06.06"]

1. f4 g6 2. Nf3 Bg7 3. e3 e6 4. d4 d6 5. Bd2 b6 6. Bd3 Bb7 7. c4 Ne7 8. O-O h6
9. Nc3 Nd7 10. Qe2 a6 11. Nd1 c5 12. Bc3 Ng8 13. Nf2 Ngf6 14. e4 Nh5 15. Qe3
Nhf6 16. e5 Ng4 17. Nxg4 d5 18. cxd5 exd5 19. e6 fxe6 20. Bxg6+ Kf8 21. Qxe6 h5
22. Qf7# 1-0

[Event "II Weekend Wasken Boys"]
[Site "Lodi ITA"]
[Date "2014.06.08"]
[Round "4"]
[White "Raimondi, Celso"]
[Black "Frignani, Alessandro"]
[WhiteElo "1655"]
[BlackElo "1454"]
[Result "0-1"]
[PlyCount "130"]
[EventDate "2014.06.06"]

1. d4 d5 2. c4 e6 3. Nc3 c6 4. Nf3 Nd7 5. Bf4 Qb6 6. Qc2 h6 7. h3 Ngf6 8. e3
Bb4 9. Bd3 dxc4 10. Bxc4 Nd5 11. Bg3 N7f6 12. Nd2 Qa5 13. Rc1 b5 14. Bd3 Bb7
15. O-O Rc8 16. Nb3 Qb6 17. a3 Be7 18. e4 Nxc3 19. bxc3 a5 20. Qb2 a4 21. Nd2
O-O 22. Nc4 Qa7 23. Nd6 Rcd8 24. e5 Bxd6 25. exd6 Ba6 26. Qb4 Nd5 27. Qc5 Rd7
28. Rfe1 Rfd8 29. Be4 Rc8 30. Bh4 Qxc5 31. dxc5 Nf4 32. Bg3 Nd5 33. Bxd5 cxd5
34. Bh4 Rxc5 35. Be7 Bc8 36. f3 Rb7 37. Kf2 Bd7 38. Ke3 Kh7 39. Kd3 Kg6 40. Rb1
Rb6 41. Rb4 Rbc6 42. Rg4+ Kh7 43. Bf8 g6 44. Rf4 Rxc3+ 45. Ke2 Kg8 46. Be7 Rxa3
47. Rh4 h5 48. Bf6 Ra2+ 49. Kf1 Rxd6 50. g4 e5 51. Bxe5 Re6 52. f4 f6 53. Ra1
Rxa1+ 54. Bxa1 hxg4 55. hxg4 b4 56. g5 Bb5+ 57. Kf2 Re2+ 58. Kg3 fxg5 59. fxg5
Re3+ 60. Kf2 Re2+ 61. Kg3 Bc4 62. Bf6 Kf7 63. Rh7+ Ke6 64. Kf4 Kd6 65. Be7+
Rxe7 0-1

[Event "II Weekend Wasken Boys"]
[Site "Lodi ITA"]
[Date "2014.06.08"]
[Round "4"]
[White "Rizzi, Pietro"]
[Black "Marzatico, Luca"]
[WhiteElo "1579"]
[BlackElo "1710"]
[Result "0-1"]
[PlyCount "114"]
[EventDate "2014.06.06"]

1. e4 e6 2. d4 d5 3. Nd2 Nf6 4. e5 Nfd7 5. Bd3 c5 6. c3 Nc6 7. Ne2 Qb6 8. Nf3
cxd4 9. cxd4 f6 10. exf6 Nxf6 11. O-O Bd6 12. Nc3 a6 13. Be3 O-O 14. Na4 Qd8
15. Rc1 Qe7 16. Nb6 Ra7 17. Nxc8 Rxc8 18. a3 b5 19. Ne5 Rac7 20. Nxc6 Rxc6 21.
Rxc6 Rxc6 22. Qb1 Qc7 23. h3 Bf4 24. Re1 g6 25. Qd1 Bxe3 26. fxe3 e5 27. dxe5
Qxe5 28. Qe2 Ne4 29. Bxe4 Qxe4 30. Rd1 Rc2 31. Rd2 Rc1+ 32. Kh2 Qe5+ 33. g3 Qe4
34. Rd1 Rxd1 35. Qxd1 Kf7 36. Qd2 Qf3 37. h4 Ke6 38. Qd4 Kf5 39. g4+ Qxg4 40.
Qxd5+ Kf6 41. e4 Qxh4+ 42. Kg2 Qg4+ 43. Kf2 Qf4+ 44. Ke2 Qe5 45. Qd8+ Kg7 46.
Qd7+ Kh6 47. Qh3+ Qh5+ 48. Qxh5+ Kxh5 49. e5 Kg5 50. Kd3 Kf5 51. Kd4 Ke6 52. b4
h5 53. Kc5 h4 54. Kb6 h3 55. Kxa6 h2 56. Kxb5 h1=Q 57. Kb6 Qa1 0-1

[Event "II Weekend Wasken Boys"]
[Site "Lodi ITA"]
[Date "2014.06.08"]
[Round "4"]
[White "Scotti, Luigi"]
[Black "Golino, Pasquale"]
[WhiteElo "1468"]
[BlackElo "1320"]
[Result "1-0"]
[PlyCount "31"]
[EventDate "2014.06.06"]

1. d4 d5 2. Nf3 Nf6 3. e3 e6 4. Bd3 Nbd7 5. c3 b6 6. O-O Be7 7. Nbd2 O-O 8. Ne5
Nxe5 9. dxe5 Nd7 10. f4 Nc5 11. Bc2 Nd7 12. Qh5 g6 13. Qh6 f6 14. Bxg6 hxg6 15.
Qxg6+ Kh8 16. Rf3 1-0

[Event "II Weekend Wasken Boys"]
[Site "Lodi ITA"]
[Date "2014.06.08"]
[Round "5"]
[White "Ciochetta, Giovanni"]
[Black "Rizzi, Pietro"]
[WhiteElo "1573"]
[BlackElo "1579"]
[Result "0-1"]
[PlyCount "56"]
[EventDate "2014.06.06"]

1. e4 c6 2. d4 d5 3. Nd2 dxe4 4. Nxe4 Bf5 5. Ng3 Bg6 6. Nf3 Nd7 7. Bd3 Bxd3 8.
Qxd3 e6 9. O-O Ngf6 10. Re1 Be7 11. Bg5 O-O 12. Re2 Re8 13. Rae1 g6 14. c3 Qc7
15. Qc2 c5 16. Bxf6 Nxf6 17. dxc5 Bxc5 18. Ne4 Nxe4 19. Qxe4 Rad8 20. Qg4 Be7
21. h4 h5 22. Qh3 Kg7 23. Ne5 Rf8 24. Nf3 Rd3 25. g4 Qf4 26. Re3 Rxe3 27. fxe3
Qxg4+ 28. Kh2 Bd6+ 0-1

[Event "II Weekend Wasken Boys"]
[Site "Lodi ITA"]
[Date "2014.06.08"]
[Round "5"]
[White "Frignani, Alessandro"]
[Black "Marchesotti, Giovanni"]
[WhiteElo "1454"]
[BlackElo "1532"]
[Result "1/2-1/2"]
[PlyCount "72"]
[EventDate "2014.06.06"]

1. e4 d6 2. d4 g6 3. Bc4 Nf6 4. Qf3 c6 5. e5 dxe5 6. dxe5 Bg4 7. Qd3 Qxd3 8.
cxd3 Nd5 9. Bxd5 cxd5 10. f3 Bd7 11. Be3 e6 12. f4 Bb4+ 13. Nc3 Bb5 14. Ke2
Bxc3 15. bxc3 O-O 16. Nf3 Nc6 17. Bc5 Rfd8 18. Bd6 f6 19. Nd4 Nxd4+ 20. cxd4
fxe5 21. Bxe5 Rac8 22. Rhc1 b6 23. Kd2 Ba6 24. Rc7 Rxc7 25. Bxc7 Rc8 26. Rc1
Kf7 27. Be5 Rxc1 28. Kxc1 Bxd3 29. Bb8 a6 30. Kb2 Ke8 31. Bc7 b5 32. Kc3 Bc4
33. a3 Kd7 34. Ba5 Bf1 35. g4 Bh3 36. g5 Kc6 1/2-1/2

[Event "II Weekend Wasken Boys"]
[Site "Lodi ITA"]
[Date "2014.06.08"]
[Round "5"]
[White "Gorini, Alessandro"]
[Black "Folcini, Gaddo"]
[WhiteElo "1629"]
[BlackElo "1615"]
[Result "0-1"]
[PlyCount "56"]
[EventDate "2014.06.06"]

1. d4 e5 2. dxe5 Nc6 3. Nf3 d5 4. h3 f6 5. exf6 Nxf6 6. Bg5 Be7 7. e3 O-O 8. a3
Ne4 9. Bxe7 Qxe7 10. Qxd5+ Kh8 11. Bd3 Nf6 12. Qg5 Bd7 13. Nc3 Rae8 14. Qh4 Ne5
15. Nxe5 Qxe5 16. O-O Bc6 17. Rab1 g5 18. Qd4 Qe7 19. b4 Rd8 20. Qc5 Qg7 21. b5
g4 22. bxc6 gxh3 23. g3 h2+ 24. Kh1 Ng4 25. Ne4 Qf7 26. Qc3+ Kg8 27. Bc4 Rd5
28. cxb7 Qf3# 0-1

[Event "II Weekend Wasken Boys"]
[Site "Lodi ITA"]
[Date "2014.06.08"]
[Round "5"]
[White "Grudina, Marco"]
[Black "Scotti, Luigi"]
[WhiteElo "1756"]
[BlackElo "1468"]
[Result "1-0"]
[PlyCount "83"]
[EventDate "2014.06.06"]

1. e4 g6 2. d4 Bg7 3. Nc3 d6 4. Be3 e6 5. Qd2 h6 6. Be2 a6 7. f4 Ne7 8. g4 Nd7
9. Nf3 Nf6 10. h3 b5 11. a3 Bb7 12. Bd3 Qd7 13. O-O-O O-O-O 14. Rhf1 Qe8 15.
Qe2 c6 16. Qf2 Rf8 17. Nd2 Rd7 18. Nb3 Qd8 19. Be2 Nfg8 20. e5 Nd5 21. Nxd5
exd5 22. Qe1 Re8 23. g5 Rde7 24. h4 h5 25. Qb4 Re6 26. Bd3 Ne7 27. f5 gxf5 28.
Bxf5 Nxf5 29. Rxf5 Qe7 30. Rdf1 Rf8 31. Bf4 dxe5 32. Qxe7 Rxe7 33. Bxe5 Bxe5
34. dxe5 Kd8 35. g6 Bc8 36. g7 Rg8 37. Rxf7 Rxf7 38. Rxf7 Ke8 39. Ra7 Be6 40.
Nd4 Bf7 41. Nf5 Bg6 42. Nh6 1-0

[Event "II Weekend Wasken Boys"]
[Site "Lodi ITA"]
[Date "2014.06.08"]
[Round "5"]
[White "Madaschi, Sergio"]
[Black "Carrai, Giacomo"]
[WhiteElo "1503"]
[BlackElo "1760"]
[Result "0-1"]
[PlyCount "36"]
[EventDate "2014.06.06"]

1. e4 c5 2. Nf3 d6 3. d4 cxd4 4. Nxd4 Nf6 5. Nc3 a6 6. Be3 Ng4 7. Bg5 h6 8. Bh4
g5 9. Bg3 Bg7 10. h3 Ne5 11. Nf3 Nbc6 12. Nxe5 Nxe5 13. Qd2 Be6 14. Be2 Qa5 15.
O-O-O Rc8 16. Kb1 Nc4 17. Bxc4 Bxc4 18. Nd5 Qxa2+ 0-1

[Event "II Weekend Wasken Boys"]
[Site "Lodi ITA"]
[Date "2014.06.08"]
[Round "5"]
[White "Maraschi, Alberto"]
[Black "Finelli, Carmine"]
[WhiteElo "1326"]
[BlackElo "1440"]
[Result "1-0"]
[PlyCount "95"]
[EventDate "2014.06.06"]

1. e4 e5 2. Nf3 Bc5 3. Bc4 d6 4. c3 a6 5. O-O Bg4 6. Qb3 Bb6 7. Bxf7+ Kf8 8. d3
Bxf3 9. gxf3 Qf6 10. Bxg8 Rxg8 11. Be3 Nd7 12. Nd2 Re8 13. a4 a5 14. Kh1 Re6
15. Qd5 Bxe3 16. fxe3 b6 17. b4 Kf7 18. Qc6 Qd8 19. bxa5 bxa5 20. Nc4 d5 21.
Qxd5 Qe7 22. f4 g6 23. f5 gxf5 24. exf5 Nf6 25. Nxe5+ Kf8 26. Qxe6 Qxe6 27.
fxe6 Ke7 28. Nd7 Nd5 29. Nc5 Nxc3 30. Rf7+ Kd6 31. d4 h5 32. Rd7+ Kc6 33. Rc1
Ne2 34. Re1 Nc3 35. h4 Re8 36. e7 Nd5 37. Rc1 Nxe7 38. e4 Ng6 39. d5+ Kb6 40.
Rb1+ Kxc5 41. Rc1+ Kd4 42. Rdxc7 Rxe4 43. Rd1+ Ke5 44. d6 Rf4 45. Kg1 Rg4+ 46.
Kh2 Rd4 47. Rxd4 Kxd4 48. d7 1-0

[Event "II Weekend Wasken Boys"]
[Site "Lodi ITA"]
[Date "2014.06.08"]
[Round "5"]
[White "Papaleo, Davide"]
[Black "Gorini, Michele"]
[WhiteElo "1410"]
[BlackElo "1527"]
[Result "0-1"]
[PlyCount "112"]
[EventDate "2014.06.06"]

1. d4 b6 2. c4 e6 3. Nc3 Bb7 4. e4 Bb4 5. f3 f5 6. exf5 exf5 7. Qe2+ Qe7 8. Bg5
Qxe2+ 9. Ngxe2 h6 10. Bf4 d6 11. a3 Bxc3+ 12. Nxc3 Nc6 13. Rd1 O-O-O 14. d5 Ne5
15. Be2 Nf6 16. O-O Rde8 17. b3 g5 18. Bxe5 Rxe5 19. f4 gxf4 20. Rxf4 Kb8 21.
Rdf1 Bc8 22. Bd3 Re3 23. Bxf5 Bxf5 24. Rxf5 Rxc3 25. Rxf6 Rxb3 26. Rf8+ Rxf8
27. Rxf8+ Kb7 28. Rf3 Rb1+ 29. Kf2 Rb2+ 30. Kg3 Re2 31. Rf2 Re5 32. h4 h5 33.
Kh3 Re7 34. Rf5 Rh7 35. Kg3 a6 36. Kf4 b5 37. cxb5 axb5 38. g4 hxg4 39. Kxg4 c5
40. dxc6+ Kxc6 41. h5 d5 42. Rf6+ Kc5 43. h6 d4 44. Kh5 d3 45. Kg6 Rh8 46. h7
d2 47. Rf1 Kc4 48. Kg7 Rxh7+ 49. Kxh7 Kc3 50. Rf3+ Kc2 51. Rf2 Kc1 52. Rf1+
d1=Q 53. Rxd1+ Kxd1 54. Kg6 Kc2 55. Kf5 Kb3 56. a4 bxa4 0-1

[Event "II Weekend Wasken Boys"]
[Site "Lodi ITA"]
[Date "2014.06.08"]
[Round "5"]
[White "Poletti, Guido"]
[Black "Impenna, Massimo"]
[WhiteElo "1540"]
[BlackElo "1426"]
[Result "1-0"]
[PlyCount "99"]
[EventDate "2014.06.06"]

1. c4 Nf6 2. Nc3 g6 3. d4 Bg7 4. Bg5 O-O 5. Nf3 d6 6. Bxf6 Bxf6 7. e3 Nd7 8.
Be2 Bg7 9. b4 b6 10. Nd2 Bb7 11. Bf3 Bxf3 12. Nxf3 c5 13. bxc5 dxc5 14. O-O
cxd4 15. exd4 Rc8 16. Qb3 Nb8 17. Rad1 Nc6 18. Nd5 e6 19. Ne3 Qe7 20. Rfe1 Qb4
21. d5 Qxb3 22. axb3 Ne5 23. Nxe5 Bxe5 24. Ng4 Bc3 25. Re3 exd5 26. Rxc3 dxc4
27. bxc4 Rcd8 28. Rxd8 Rxd8 29. Ne3 Kg7 30. g3 Rc8 31. Ra3 Rc7 32. Kg2 f6 33.
h4 h5 34. Kf3 Kf7 35. Ke4 f5+ 36. Kf4 Re7 37. f3 a5 38. c5 bxc5 39. Rxa5 Rc7
40. Ra4 Rd7 41. Rc4 Rd4+ 42. Rxd4 cxd4 43. Nc4 Ke6 44. Ne5 Kd5 45. g4 hxg4 46.
fxg4 fxg4 47. Nxg4 d3 48. Ke3 Kc4 49. Ne5+ Kc3 50. Nxd3 1-0

[Event "II Weekend Wasken Boys"]
[Site "Lodi ITA"]
[Date "2014.06.08"]
[Round "5"]
[White "Swannie, Bryan"]
[Black "Marzatico, Luca"]
[WhiteElo "1704"]
[BlackElo "1710"]
[Result "0-1"]
[PlyCount "46"]
[EventDate "2014.06.06"]

1. d4 d5 2. Nf3 Nf6 3. c4 e6 4. g3 c5 5. Bg2 dxc4 6. O-O Nc6 7. e3 cxd4 8. Nxd4
Nxd4 9. Qxd4 Qxd4 10. exd4 Bb4 11. Nd2 c3 12. bxc3 Bxc3 13. Rb1 Bxd4 14. Bxb7
Bxb7 15. Rxb7 O-O 16. Nb3 Bb6 17. Bf4 Nd5 18. Bd2 Rfc8 19. a4 Rab8 20. Na5 Rxb7
21. Nxb7 Rc2 22. Rc1 Rxc1+ 23. Bxc1 Nc3 0-1

[Event "II Weekend Wasken Boys"]
[Site "Lodi ITA"]
[Date "2014.06.08"]
[Round "5"]
[White "Trifoni, Giorgio"]
[Black "Esposito, Giuseppe"]
[WhiteElo "1665"]
[BlackElo "1718"]
[Result "1-0"]
[PlyCount "65"]
[EventDate "2014.06.06"]

1. Nf3 Nf6 2. c4 e6 3. Nc3 b6 4. g3 Bb7 5. Bg2 Bb4 6. O-O d6 7. Qa4+ Nc6 8. Nd4
Bxc3 9. bxc3 O-O 10. Bxc6 Bxc6 11. Qxc6 e5 12. Nb5 a6 13. Na3 Qc8 14. Nc2 b5
15. cxb5 axb5 16. Qxb5 Rb8 17. Qc6 Rb6 18. Qg2 Qf5 19. Nb4 e4 20. a4 d5 21. a5
Re6 22. a6 c5 23. Nc2 Ng4 24. Ra5 Rc8 25. Ba3 Rh6 26. h3 Ne5 27. g4 Qg5 28. Ne3
Ng6 29. Nf5 Nf4 30. Nxh6+ Qxh6 31. Qh2 Nxe2+ 32. Kh1 Qxd2 33. a7 1-0

[Event "Festival A Giugno"]
[Site "Milano ITA"]
[Date "2014.05.29"]
[Round "1"]
[White "Bisignano, Giuseppe"]
[Black "Vezzosi, Paolo"]
[WhiteElo "1875"]
[BlackElo "2300"]
[Result "0-1"]
[PlyCount "68"]
[EventDate "2014.05.29"]

1. e4 c5 2. Nf3 Nc6 3. Nc3 e6 4. d4 cxd4 5. Nxd4 Qc7 6. f4 a6 7. a3 b5 8. Be3
Bb7 9. Be2 b4 10. axb4 Bxb4 11. O-O Nge7 12. Qd3 O-O 13. Nf3 f5 14. Rad1 Bxc3
15. bxc3 fxe4 16. Qxe4 Nf5 17. Bf2 Ncd4 18. Qd3 Nxe2+ 19. Qxe2 Bd5 20. Ne5 d6
21. c4 Bxg2 22. Kxg2 dxe5 23. fxe5 Qc6+ 24. Kg1 a5 25. c5 a4 26. Rb1 a3 27. Rb6
Qa4 28. c3 Nh4 29. Rb4 Nf3+ 30. Kh1 Qc6 31. Qe4 Qxe4 32. Rxe4 Nd2 33. Ree1 Nxf1
34. Rxf1 a2 0-1

[Event "Festival A Giugno"]
[Site "Milano ITA"]
[Date "2014.05.29"]
[Round "1"]
[White "Burani, Eugenio"]
[Black "Cerioni, Armando"]
[WhiteElo "1816"]
[BlackElo "2006"]
[Result "0-1"]
[PlyCount "72"]
[EventDate "2014.05.29"]

1. e4 d6 2. d4 Nf6 3. Nc3 e5 4. Nf3 Nbd7 5. Bc4 Be7 6. Bxf7+ Kxf7 7. Ng5+ Kg8
8. Ne6 Qe8 9. Nxc7 Qg6 10. Nxa8 Qxg2 11. Rf1 exd4 12. Ne2 Ne5 13. Nxd4 Qxe4+
14. Be3 Nd5 15. Qd2 Bg4 16. f3 Bxf3 17. Rxf3 Nxf3+ 18. Nxf3 Nxe3 19. Kf2 Ng4+
20. Kg3 Ne5 21. Nxe5 Qxe5+ 22. Kg2 Qe4+ 23. Kg1 d5 24. h3 Bc5+ 25. Kh2 Bd6+ 26.
Kg1 Bf4 27. Qa5 Qe3+ 28. Kf1 Qxh3+ 29. Ke2 Qe6+ 30. Kf1 Qa6+ 31. Qxa6 bxa6 32.
Rd1 Kf7 33. Rxd5 Ke6 34. Ra5 Rxa8 35. Rxa6+ Bd6 36. c4 Kd7 0-1